| 000 | 00384nam a2200157Ia 4500 | ||
|---|---|---|---|
| 100 | _aChaudhry/Arijay/ Deshpande/P.S | ||
| 650 | _aDatamining | ||
| 942 | _cBK | ||
| 366 | _f25 | ||
| 654 | _adataanalyis | ||
| 245 | _aMultidimensional Data analysis and datamining:Black Book | ||
| 260 |
_bDream tech _c2009 |
||
| 082 |
_a4.6 _bCHA |
||
| 300 | _a461 | ||
| 546 |
_aENGLISH _celectronics |
||
| 999 |
_c22548 _d22548 |
||